Kurz ostričov nástrojov /

Guardado en:
Detalles Bibliográficos
Autor principal: Vild, Václav (Autor)
Formato: Libro
Lenguaje:eslovaco
Publicado: Bratislava : DT, 1990
Edición:1.vyd.
Materias:
Etiquetas: Agregar Etiqueta
Sin Etiquetas, Sea el primero en etiquetar este registro!

MARC

LEADER 00000nam a22000003a 4500
001 stu44017
005 20150617225717.2
008 950120s1990----cs------------------slo-d
040 |a STU  |b slo 
041 0 |a slo 
044 |a cs 
080 |a 621.923(075.9) 
100 1 |a Vild, Václav  |4 aut 
245 1 |a Kurz ostričov nástrojov /  |c [aut.]Václav Vild 
250 |a 1.vyd. 
260 |a Bratislava :  |b DT,  |c 1990 
300 |a 62 s 
650 7 |a brúsenie  |2 stusub 
650 7 |a nástroje  |2 stusub 
650 7 |a kurzy  |2 stusub 
996 |b MZ 467  |c M*Z-467  |l MMKN  |s A  |a 24  |w stu44017_0001